=LDR 00000nam 2200000 4500 =001 INLIS000000000052686 =005 20180223080549 =035 ##$$a 0010-0218000382 =007 ta =008 180223###########################0###### =020 ##$$a 978-602-444-046-6 =082 ##$$a 539 =084 ##$$a 539 RID f =100 #$$a Ridwan Abdullah Sani =245 1#$$a Fisika Kuantum /$c Ridwan Abdullah Sani =250 ##$$a cet.1 =260 ##$$a Jakarta :$b Bumi Aksara,$c 2017 =300 ##$$a 251 hlm. : $b ilus. ; $c 23 cm =500 ##$$a Biografi : hlm. 255 =650 ##$$a Fisika Kuantum =700 #$$a Editor, Sri Budi Hastusi =504 ##$$a Bibliografi : hlm. 253-254 =990 ##$$a 46204620 =990 ##$$a 46204620 =990 ##$$a 46204620 =990 ##$$a 46204620 =990 ##$$a 46204620 =990 ##$$a 21709251 =990 ##$$a 01201804620 =990 ##$$a 01201804621 =990 ##$$a 01201804622 =990 ##$$a 01201804623 =990 ##$$a 21709252 =990 ##$$a 01201804620 =990 ##$$a 01201804621 =990 ##$$a 01201804622 =990 ##$$a 21709251 =990 ##$$a 21709253 =990 ##$$a 01201804620 =990 ##$$a 01201804621 =990 ##$$a 21709252 =990 ##$$a 21709251 =990 ##$$a 21709254 =990 ##$$a 01201804620 =990 ##$$a 21709253 =990 ##$$a 21709252 =990 ##$$a 21709251 =990 ##$$a 21709255 =990 ##$$a 21709254 =990 ##$$a 21709253 =990 ##$$a 21709252 =990 ##$$a 21709251 =990 ##$$a 18901890 =990 ##$$a 18901890